The search for modern China / (Record no. 591500)

000 -LEADER
fixed length control field 00994cam a2200289 a 4500
001 - CONTROL NUMBER
control field 1198212
005 - DATE AND TIME OF LATEST TRANSACTION
control field 20221005154046.0
008 - FIXED-LENGTH DATA ELEMENTS--GENERAL INFORMATION
fixed length control field 980508s1999 nyuab b 001 0 eng
010 ## - LIBRARY OF CONGRESS CONTROL NUMBER
LC control number 98022145
020 ## - INTERNATIONAL STANDARD BOOK NUMBER
International Standard Book Number 0393973514 (pbk.)
040 ## - CATALOGING SOURCE
Original cataloging agency DLC
Transcribing agency DLC
Modifying agency DLC
043 ## - GEOGRAPHIC AREA CODE
Geographic area code a-cc---
050 00 - LIBRARY OF CONGRESS CALL NUMBER
Classification number DS754
Item number .S65 1999
082 00 - DEWEY DECIMAL CLASSIFICATION NUMBER
Classification number 951.03
Author Mark SPE
100 1# - MAIN ENTRY--PERSONAL NAME
Personal name Spence, Jonathan D.
9 (RLIN) 99142
245 14 - TITLE STATEMENT
Title The search for modern China /
Statement of responsibility, etc. Jonathan D. Spence.
250 ## - EDITION STATEMENT
Edition statement 2nd ed.
260 ## - PUBLICATION, DISTRIBUTION, ETC.
Place of publication, distribution, etc. New York :
Name of publisher, distributor, etc. W.W. Norton,
Date of publication, distribution, etc. c1999.
300 ## - PHYSICAL DESCRIPTION
Extent xxxi, 728, [A131] p. :
Other physical details ill., maps ;
Dimensions 24 cm.
504 ## - BIBLIOGRAPHY, ETC. NOTE
Bibliography, etc. note Includes bibliographical references and index.
651 #0 - SUBJECT ADDED ENTRY--GEOGRAPHIC NAME
Geographic name China
General subdivision History
Chronological subdivision Qing dynasty, 1644-1912.
9 (RLIN) 52030
651 #0 - SUBJECT ADDED ENTRY--GEOGRAPHIC NAME
Geographic name China
General subdivision History
Chronological subdivision 20th century.
9 (RLIN) 14178
906 ## - LOCAL DATA ELEMENT F, LDF (RLIN)
a 7
b cbc
c orignew
d 1
e ocip
f 19
g y-gencatlg
942 ## - ADDED ENTRY ELEMENTS (KOHA)
Source of classification or shelving scheme
Koha item type Book
Holdings
Withdrawn status Lost status Source of classification or shelving scheme Damaged status Not for loan Permanent Location Current Location Shelving location Date acquired Source of acquisition Total Checkouts Full call number Barcode Date last seen Price effective from Koha item type
          Central Library (CL) Central Library (CL) Chinese Studies 10/05/2022 Donated by China Embassy   951.03 SPE CL-D-1950 10/05/2022 10/05/2022 Book
© 2023 Central Library, National University of Sciences and Technology. All Rights Reserved.